| 000 | 00427cam a2200157ua 4500 | ||
|---|---|---|---|
| 020 | _c7.00 | ||
| 041 |
_aeng _h |
||
| 082 |
_a621.01 _bSHY/EL |
||
| 100 | _aShyam Bahrdan, Srivastava . | ||
| 245 |
_aElements of mechanical engineering / _cShyam Bahrdan Srivastava. _hTextual Documents |
||
| 260 |
_aAllahabad : _bSaroj Prakashan , _c1967. |
||
| 300 | _a302 ; . | ||
| 365 | _a7.00 | ||
| 942 | _cBK | ||
| 999 |
_c10609 _d10609 |
||